[Event "Potiguar-ch"]
[Site "Natal"]
[Date "2014.08.17"]
[Round "5"]
[White "Macedo, Maximo Valerio"]
[Black "Da Silva, Tales Gomes"]
[Result "1-0"]
[WhiteElo "2102"]
[BlackElo "1845"]
[PlyCount "49"]
[EventDate "2014.08.15"]
[EventType "swiss"]
[EventRounds "9"]
[EventCountry "BRA"]
[SourceTitle "CBM 162 Extra"]
[Source "ChessBase"]
[SourceDate "2014.10.17"]
[SourceVersion "1"]
[SourceVersionDate "2014.10.17"]
[SourceQuality "1"]

1. d4 d5 2. c4 Nf6 3. Nc3 c6 4. Nf3 e6 5. Bg5 Be7 6. e3 Nbd7 7. Bd3 Bd6 8. 0-0 0-0 9. Qc2 Qc7 10. e4 dxe4 11. Nxe4 Nxe4 12. Bxe4 f5 13. Bd3 Nf6 14. h3 c5 15. Be3 b6 16. dxc5 Bxc5 17. Bxc5 Qxc5 18. Rfe1 Re8 19. Re5 Qd6 20. Rd1 Qc7 21. Rde1 Qd6 22. Bxf5 exf5 23. Rxe8+ Nxe8 24. Rxe8+ Kf7 25. Rxc8 1-0

[Event "Potiguar-ch"]
[Site "Natal"]
[Date "2014.08.15"]
[Round "1"]
[White "Da Silva, Tales Gomes"]
[Black "Lopes, Bianca Luanna Barro"]
[Result "1-0"]
[WhiteElo "1845"]
[BlackElo "1773"]
[PlyCount "93"]
[EventDate "2014.08.15"]
[EventType "swiss"]
[EventRounds "9"]
[EventCountry "BRA"]
[SourceTitle "CBM 162 Extra"]
[Source "ChessBase"]
[SourceDate "2014.10.17"]
[SourceVersion "1"]
[SourceVersionDate "2014.10.17"]
[SourceQuality "1"]

1. e4 e5 2. Nf3 Nc6 3. Bc4 Bc5 4. 0-0 Nf6 5. c3 d6 6. d4 Bb6 7. dxe5 dxe5 8. Qxd8+ Kxd8 9. Bg5 Ke7 10. Bd5 h6 11. Bh4 g5 12. Bg3 Re8 13. Bxc6 bxc6 14. Nxe5 Bb7 15. Nd2 Kf8 16. Rfe1 Rad8 17. Ndc4 c5 18. Nxb6 axb6 19. f3 Nh5 20. Ng4 Kg7 21. Bxc7 Rc8 22. Bxb6 c4 23. Bd4+ Kg6 24. b4 Nf4 25. a4 Nd3 26. Red1 Ra8 27. b5 Nf4 28. Ne5+ Kg7 29. Nxc4+ Kg8 30. Nd6 Re7 31. Nxb7 Rxb7 32. Kf1 Rc8 33. b6 Ne6 34. a5 Nxd4 35. cxd4 Kg7 36. d5 Re8 37. d6 Rd8 38. Rd5 Kf6 39. Rc1 Ke6 40. Rc7 Rd7 41. Rxb7 Rxb7 42. d7 Rxd7 43. Rxd7 Kxd7 44. a6 Kc8 45. Ke2 Kd7 46. Kd3 Kc6 47. b7 1-0